Riconosci lo Stato - Quiz n°94 - Statistics

Statistiche generali
  • Questo quiz è stato fatto 31 volte
  • Il punteggio medio è 12 su 13
Statistiche sulle risposte
Indizio Risposta % Corretto
Presidente della Repubblica Dina Boluarte
96%
Iniziale della Capitale L
96%
ISU 0,742
92%
Tasso di crescita 1,016%
92%
Superficie 1.285.220 km²
92%
Popolazione 34352720 ab.
92%
Indipendenza dal Regno di Spagna 28 luglio 1821
92%
PIL (nominale) 289 720 milioni di $
88%
Primo ministro Gustavo Adrianzén
88%
Risposta Perù
88%
Forma di Governo Repubblica presidenziale
88%
Valuta Sol
88%
Fuso Orario UTC-5
88%
Nessun quiz corrispondente trovato
Distribuzione punteggi
Percentuale di utenti per punteggio
Percentile per numero di risposta
I tuoi punteggi nel tempo
Non hai fatto questo quiz